| 000 | 00903nam a2200253 a 4500 | ||
|---|---|---|---|
| 001 | 000035006 | ||
| 005 | 20260421091200.0 | ||
| 008 | 111024s1969 sp 000 0 spa d | ||
| 040 |
_aDO-SdBNP _bspa _cBNPHU |
||
| 082 |
_a320.1 _bW373p, 1969 |
||
| 100 | 1 |
_aWeber, Max _d1864-1920 _960622 |
|
| 240 | 1 | 0 |
_aPolitik als beruf, wissenschaft als beruf _lespañol |
| 245 | 1 | 3 |
_aEl político y el científico / _cMax Weber ; introducción Raymond Aron. |
| 250 | _a2a ed. | ||
| 260 |
_aMadrid, : _bAlianza, _c1969. |
||
| 300 |
_a231 p. ; _c18 cm. |
||
| 504 | _aIncluye referencias bibliográficas y notas al pie de las páginas | ||
| 590 | _aPerteneció a la biblioteca personal de Juan Isidro Jimenes Grullón | ||
| 600 | 1 | 4 |
_aWEBER, MAX,, _d1864-1920 _960623 |
| 650 | 0 |
_aTácticas políticas _919756 |
|
| 650 | 0 |
_aCiencia política _95772 |
|
| 910 | _aValidado. Control de calidad MFF | ||
| 049 | _aBNGR | ||
| 999 |
_c34497 _d34497 |
||